Quản lý chiến lược kế hoạch trong các trường đại học cao đẳng

Sách giới thiẹu những khái niệm, nguyên tắc lập kế hoạch chiến lược cấp trường, cấu trúc của bản kế hoạch chiến lược và kế hoạch hành động.

Spremljeno u:
Bibliografski detalji
Glavni autor: Phạm, Thành Nghị
Format: Knjiga
Jezik:Undetermined
Izdano: Hà Nội Đại học Quốc gia Hà Nội 2000
Teme:
Oznake: Dodaj oznaku
Bez oznaka, Budi prvi tko označuje ovaj zapis!
Thư viện lưu trữ: Trung tâm Học liệu Trường Đại học Cần Thơ
LEADER 00861nam a2200181Ia 4500
001 CTU_47484
008 210402s9999 xx 000 0 und d
082 |a 378.101 
082 |b Ngh300 
100 |a Phạm, Thành Nghị 
245 0 |a Quản lý chiến lược kế hoạch trong các trường đại học cao đẳng 
245 0 |c Phạm Thành Nghị 
260 |a Hà Nội 
260 |b Đại học Quốc gia Hà Nội 
260 |c 2000 
520 |a Sách giới thiẹu những khái niệm, nguyên tắc lập kế hoạch chiến lược cấp trường, cấu trúc của bản kế hoạch chiến lược và kế hoạch hành động. 
650 |a Stragtegic planning,School management and organization,Education 
980 |a Trung tâm Học liệu Trường Đại học Cần Thơ